Fast track to NT server 4 : (Record no. 179824)
[ view plain ]
| 000 -LEADER | |
|---|---|
| fixed length control field | 00916 a2200241 4500 |
| 003 - CONTROL NUMBER IDENTIFIER | |
| control field | Nust |
| 005 - DATE AND TIME OF LATEST TRANSACTION | |
| control field | 20221012135957.0 |
| 010 ## - LIBRARY OF CONGRESS CONTROL NUMBER | |
| LC control number | 96070735 |
| 020 ## - INTERNATIONAL STANDARD BOOK NUMBER | |
| International Standard Book Number | 817029780x |
| 035 ## - SYSTEM CONTROL NUMBER | |
| System control number | (OCoLC)35996768 |
| 040 ## - CATALOGING SOURCE | |
| Transcribing agency | Nust |
| 082 00 - DEWEY DECIMAL CLASSIFICATION NUMBER | |
| Classification number | 005.4469,COW |
| 100 1# - MAIN ENTRY--PERSONAL NAME | |
| Personal name | Cowart, Robert. |
| 9 (RLIN) | 36845 |
| 245 10 - TITLE STATEMENT | |
| Title | Fast track to NT server 4 : |
| Remainder of title | the Fast, Easy Guide to Installing and Configuration NT Server 4 / |
| Statement of responsibility, etc. | Robert Cowart, Boyd Waters. |
| 260 ## - PUBLICATION, DISTRIBUTION, ETC. | |
| Place of publication, distribution, etc. | San Francisco : |
| Name of publisher, distributor, etc. | Sybex, |
| Date of publication, distribution, etc. | c1997. |
| 300 ## - PHYSICAL DESCRIPTION | |
| Extent | xxii, 488 p. : |
| Other physical details | illus. ; |
| Dimensions | 22 cm. |
| 505 ## - FORMATTED CONTENTS NOTE | |
| Formatted contents note | PART-1: Starting Out (Page-1), PART-2: Building A Solid System (Page-165), PART-3: Networking and Security (Page-293), PART-4: BackOffice and Internet Systems (Page-419). |
| 538 ## - SYSTEM DETAILS NOTE | |
| System details note | Almirah No. 7 Shelf No. 6 |
| 650 #0 - SUBJECT ADDED ENTRY--TOPICAL TERM | |
| Topical term or geographic name entry element | Client/server computing. |
| 9 (RLIN) | 81735 |
| 650 #0 - SUBJECT ADDED ENTRY--TOPICAL TERM | |
| Topical term or geographic name entry element | Operating systems (Computers) |
| 700 1# - ADDED ENTRY--PERSONAL NAME | |
| Personal name | Waters, Boyd. |
| 9 (RLIN) | 100025 |
| 942 ## - ADDED ENTRY ELEMENTS (KOHA) | |
| Source of classification or shelving scheme | |
| Koha item type | Book |
| Call number prefix | 005.4469,COW |
| Withdrawn status | Lost status | Source of classification or shelving scheme | Damaged status | Not for loan | Permanent Location | Current Location | Shelving location | Date acquired | Full call number | Barcode | Date last seen | Price effective from | Koha item type | Public note |
|---|---|---|---|---|---|---|---|---|---|---|---|---|---|---|
| Military College of Signals (MCS) | Military College of Signals (MCS) | General Stacks | 12/12/2016 | 005.4469,COW | MCS26564 | 12/08/2016 | 12/12/2016 | Book | Almirah No.7, Shelf No.5 |
